Machine Learning Using R (Record no. 12658)

MARC details
000 -LEADER
fixed length control field 00395nam a2200169 4500
003 - CONTROL NUMBER IDENTIFIER
control field OSt
008 - FIXED-LENGTH DATA ELEMENTS--GENERAL INFORMATION
fixed length control field 240507b |||||||| |||| 00| 0 eng d
020 ## - INTERNATIONAL STANDARD BOOK NUMBER
International Standard Book Number 9789354246111
082 ## - DEWEY DECIMAL CLASSIFICATION NUMBER
Classification number 006.31
100 ## - MAIN ENTRY--PERSONAL NAME
Personal name RAHUL, Kumar
245 ## - TITLE STATEMENT
Title Machine Learning Using R
260 ## - PUBLICATION, DISTRIBUTION, ETC. (IMPRINT)
Place of publication, distribution, etc New Delhi
Name of publisher, distributor, etc Wiley India
Date of publication, distribution, etc 2024
300 ## - PHYSICAL DESCRIPTION
Extent 430
650 ## - SUBJECT ADDED ENTRY--TOPICAL TERM
Topical term or geographic name as entry element B.Tech(IT)
700 ## - ADDED ENTRY--PERSONAL NAME
Personal name Kumar, Dinesh U
942 ## - ADDED ENTRY ELEMENTS (KOHA)
Source of classification or shelving scheme Dewey Decimal Classification
Koha item type Text Books
Holdings
Withdrawn status Lost status Source of classification or shelving scheme Damaged status Not for loan Collection code Home library Current library Date acquired Source of acquisition Currency Cost, normal purchase price Bill Number Total Checkouts Full call number Acc. no. / Barcode Date last seen Actual Cost, discounted price Bill Date Koha item type Date last borrowed
    Dewey Decimal Classification     B.Tech(IT) PIET C-LIBRARY PIET C-LIBRARY 06/04/2024 Zaffa Books and Distributors In Rupees 829.00 ZBD0005   006.31 RAM 37511 07/05/2024 601.24 06/04/2024 Reference Books  
    Dewey Decimal Classification     B.Tech(IT) PIET C-LIBRARY PIET C-LIBRARY 06/04/2024 Zaffa Books and Distributors In Rupees 829.00 ZBD0005   006.31 RAM 37512 07/05/2024 601.24 06/04/2024 Text Books  
    Dewey Decimal Classification     B.Tech(IT) PIET C-LIBRARY PIET C-LIBRARY 06/04/2024 Zaffa Books and Distributors In Rupees 829.00 ZBD0005   006.31 RAM 37513 07/05/2024 601.24 06/04/2024 Text Books  
    Dewey Decimal Classification     B.Tech(IT) PIET C-LIBRARY PIET C-LIBRARY 06/04/2024 Zaffa Books and Distributors In Rupees 829.00 ZBD0005   006.31 RAM 37514 07/05/2024 601.24 06/04/2024 Text Books  
    Dewey Decimal Classification     B.Tech(IT) PIET C-LIBRARY PIET C-LIBRARY 06/04/2024 Zaffa Books and Distributors In Rupees 829.00 ZBD0005 1 006.31 RAM 37515 24/12/2024 601.24 06/04/2024 Text Books 12/11/2024

Design & Developed by: PIET Central Library
R70 Miles Stone Pattikalyana Samalkha Panipat 132102
mail ID :- [email protected], Phone No:- 0180-2569700 Ex.216